000 00606nam a2200181Ia 4500
003 GCL
008 140319s9999 xx 000 0 ara d
040 _aGCL /
_cGCL
082 0 4 _a813.03
_bب و
100 1 _aبكر الشرقاوى
245 1 0 _aوقائع ما حدث فى يوم القيامة بمصر /
_cبكر الشرقاوى
300 _a351 ص
490 _aالهيئة العامة للاستعلامات
_v0
650 0 4 _aالادب العربى - العصر الحديث
650 0 4 _aالقصص العربية - مصر
650 0 4 _aالادب العربى - مصر
942 _2ddc
_cBK
999 _c50621
_d50621